| 000 | 004440000a22001810004500 | ||
|---|---|---|---|
| 003 | MACL | ||
| 005 | 20151222150817.0 | ||
| 008 | 151222b xxu||||| |||| 00| 0 eng d | ||
| 040 |
_aMACL _cMACL |
||
| 041 | _aEnglish | ||
| 082 | _a792.023/RAN | ||
| 100 |
_aRangoonwalla, Firoze _922013 |
||
| 245 | _aSatyajit Rays Art | ||
| 260 |
_bClarion Books _c1980 |
||
| 350 | _a65 | ||
| 650 |
_aStage Presentation _97498 |
||
| 942 |
_cBK _k792.023/RAN _2ddc |
||
| 999 |
_c40831 _d40831 |
||